高速ひらがな50音タイピング - Statistics

General Stats
  • This quiz has been taken 296 times
  • The average score is 33 of 46
Answer Stats
Answer % Correct
100%
96%
94%
93%
93%
92%
92%
91%
88%
87%
87%
86%
86%
85%
85%
82%
80%
79%
78%
78%
78%
77%
77%
74%
71%
69%
68%
65%
64%
62%
59%
58%
54%
54%
52%
52%
52%
50%
49%
49%
49%
47%
47%
46%
46%
44%
No matching quizzes found
Score Distribution
Percent of People with Each Score
Percentile by Number Answered
Your Score History
You have not taken this quiz